01189cam a22003135a 4500003000900000005001700009008004100026020001500067040004600082082001700128245014800145264004600293264001000339300004700349336002600396337002800422338002700450504005100477600003700528650003600565651001000601653002500611655002400636700002900660700003600689942001200725999001500737952012300752EG-ScBUE20220628101737.0180828t1982 enka f b 001 0 eng d a0709926022 aEG-ScBUE bengerdacEG-ScBUE dEG-ScBUE 04a440bSTU22200aStudies in the romance verb :bessays offered to Joe Cremona on the occasion of his 60th birthday /cedited by Nigel Vincent and Martin Harris. 1aLondon ;aCanberra :bCroom Helm,c[1982] 4cc1982 axxvii, 222 pages :billustrations ;c23 cm 2rdacontentatextbtxt 2rdamediaaunmediatedbn 2rdacarrieravolumebnc aIncludes bibliographical references and index.17aCremona, Joe,d1922-2003.2BUEsh 7aRomance languagesxVerb.2BUEsh 2BUEsh bHHUUEENNcAugust2018 vReading book9342321 aVincent, Nigel,eeditor.1 aHarris, Martin,d1944-eeditor. 2ddccBB c7303d7303 00102ddc40708AlahramaMAINbMAINc2NDd2008-01-20ePurchaseg32.90l0o440 STUp000008774r2025-07-15 00:00:00yBB